Taylor Swift Songs with Numbers in the Title - Statistics

General Stats
  • This quiz has been taken 12 times
  • The average score is 4 of 9
Answer Stats
Album Answer % Correct
Red 22
100%
Fearless Fifteen
88%
Folklore The 1
88%
Folklore seven
50%
Lover Death by a Thousand Cuts
25%
Speak Now Foolish One
25%
Red The Lucky One
25%
Single Track Two is Better Than One
25%
Single Track Half of my Heart
13%
No matching quizzes found
Score Distribution
Percent of People with Each Score
Percentile by Number Answered
Your Score History
You have not taken this quiz